| 000 | 00382 a2200121 4500 | ||
|---|---|---|---|
| 001 | ART_12694 | ||
| 005 | 20260410161908.0 | ||
| 008 | 260409a | ||
| 245 | 1 | 0 | _aIndustrial Structure and the nature of innovative activity |
| 100 | 1 | _aStiglitz, Joseph E. | |
| 700 | 1 | _aDasgupta, Partha | |
| 773 | 0 |
_tThe Economic Journal _g- Vol. 90, NÂș 358 (jun. 1980) _wREV12512 |
|
| 999 |
_c26587 _d26587 |
||